Gaming Quiz

Random Gaming or Mario Quiz

Characters of Super Smash Bros. Brawl Quiz Stats

 Plays Quiz not verified by Sporcle

Challenge
Share
Tweet
Embed
Score 0/35 Timer 04:00
0 Plays Today
% Correct
Mario
98.5%
Luigi
95.6%
Peach
94.8%
Link
94.1%
Bowser
93.3%
Zelda & Sheik
91.5%
Kirby
89.6%
Sonic the Hedgehog
88.1%
Pikachu
85.2%
Fox
83.3%
Donkey Kong
83%
Wario
83%
Yoshi
80.4%
Samus & Zero Suit Samus
80.4%
Pokemon Trainer (Ash)
80.4%
Snake
80%
Falco
79.6%
Jigglypuff
79.6%
% Correct
Diddy Kong
78.1%
Meta Knight
77%
Toon Link
76.3%
Ganondorf
75.2%
Ness
75.2%
King Dedede
74.8%
Wolf
74.4%
Lucario
72.6%
Marth
72.2%
Captain Falcon
71.9%
Lucas
70.7%
Ike
70%
Mr. Game and Watch
69.3%
Pit
65.9%
Ice Climbers
63.7%
R.O.B
62.2%
Olimar
62.2%

You're not logged in!

Compare scores with friends on all Sporcle quizzes.
OR
Log In

You Might Also Like...

Show Comments

Extras

Top Quizzes Today


Score Distribution

Your Account Isn't Verified!

In order to create a playlist on Sporcle, you need to verify the email address you used during registration. Go to your Sporcle Settings to finish the process.

Report this User

Report this user for behavior that violates our Community Guidelines.

Details: